[Event "Foment Martinenc op-B 15th"]
[Site "Barcelona"]
[Date "2013.06.08"]
[Round "8"]
[White "Acriz Ibanez, Salvador"]
[Black "Trullas Tugues, Ivan"]
[Result "0-1"]
[WhiteElo "1443"]
[BlackElo "1585"]
[PlyCount "66"]
[EventDate "2013.04.20"]
[EventType "swiss"]
[EventRounds "9"]
[EventCountry "ESP"]
[SourceTitle "CBM 154 Extra"]
[Source "ChessBase"]
[SourceDate "2013.06.25"]
[SourceVersion "2"]
[SourceVersionDate "2013.06.25"]
[SourceQuality "1"]

1. d4 Nf6 2. c4 e6 3. Nc3 Bb4 4. Bd2 d5 5. Qa4+ Nc6 6. a3 Be7 7. Nf3 0-0 8. c5 Ne4 9. Bf4 Nxc3 10. bxc3 Bd7 11. Qc2 e5 12. Nxe5 Nxe5 13. Bxe5 Re8 14. Bg3 b6 15. cxb6 axb6 16. e3 Ba4 17. Qb2 Bd6 18. Bxd6 Qxd6 19. Bd3 Ra5 20. 0-0 Rea8 21. e4 Bd7 22. e5 Qe7 23. Qb4 Qxb4 24. cxb4 Rxa3 25. Rxa3 Rxa3 26. Bc2 g6 27. f4 Rc3 28. Rf2 Rc4 29. f5 Rxd4 30. fxg6 fxg6 31. Bb3 Bf5 32. Re2 Kf8 33. h3 Ke7 0-1